Výdavková politika miest pre bezpečný a udržateľný rozvoj
Hodnotenie schopnosti miest v zabezpečovaní udržateľnosti a bezpečnosti na základe finančných príjmov a výdavkov podľa veľkostných skupín na údajoch z obdobia 2006-2016.
Gespeichert in:
| 1. Verfasser: | |
|---|---|
| Format: | Buchkapitel |
| Sprache: | Slowakisch |
| Schlagworte: | |
| Tags: |
Keine Tags, Fügen Sie das erste Tag hinzu!
|
MARC
| LEADER | 00000naa$a2200000$$$4500 | ||
|---|---|---|---|
| 001 | 0247519 | ||
| 005 | 20240502083659.9 | ||
| 041 | 0 | |a slo | |
| 044 | |a CZ | ||
| 245 | 1 | 0 | |a Výdavková politika miest pre bezpečný a udržateľný rozvoj |c Elena Žárska |
| 520 | |a Hodnotenie schopnosti miest v zabezpečovaní udržateľnosti a bezpečnosti na základe finančných príjmov a výdavkov podľa veľkostných skupín na údajoch z obdobia 2006-2016. | ||
| 610 | 2 | 0 | |a správa verejná |
| 610 | 2 | 0 | |a mestá |
| 610 | 2 | 0 | |a financovanie |
| 610 | 2 | 0 | |a výdavky |
| 610 | 2 | 0 | |a výdavky na obranu a bezpečnosť |
| 610 | 2 | 0 | |a rozvoj regionálny |
| 610 | 2 | 0 | |a rozvoj trvalo udržateľný |
| 610 | 2 | 0 | |a bezpečnosť |
| 610 | 2 | 0 | |a Slovensko |
| 100 | 1 | |a Žárska, Elena, 1955- | |